| 000 | 00597nam a2200181 i 4500 | ||
|---|---|---|---|
| 001 | 104736 | ||
| 003 | ES-MaACL | ||
| 005 | 20250902111731.0 | ||
| 007 | t| | ||
| 008 | 051212s1967 sp ||||1| spa d | ||
| 100 | 1 |
_aMiralles Sales, José. _981504 |
|
| 245 | 1 | 0 |
_aNotas históricas de la Villa de Castellfort (Castellón) / _cJosé Miralles Sales. |
| 260 |
_aCastellón de la Plana : _bSociedad Castellonense de Cultura, _c1967. |
||
| 300 |
_a4 h., 126 p. ; _c22 cm. |
||
| 710 | 2 |
_aSociedad Castellonense de Cultura _96649 |
|
| 852 |
_aES-MaACL _jC-31605 _bR.62040 |
||
| 999 |
_c104736 _d104736 |
||